Southville International School and Colleges
Your cart is empty.
  • Cart
  • Lists
    Public lists Eva Luna New books Lux_list list_1
    Your lists Log in to create your own lists
  • Log in to your account
  • Your cookies
  • Search history
Southville International School and Colleges
  • Advanced search
  • Recent comments
  • Most popular
  • Libraries

Log in to your account

Log in with GOOGLE


If you do not have an external account, but do have a local account, you can still log in:

  1. Home
  2. MARC view: Algebra for college students /
Normal view MARC view ISBD view

Algebra for college students / (Record no. 284559)

[ view plain ]
MARC details
000 -LEADER
fixed length control field 00804cam a2200277 a 4500
001 - CONTROL NUMBER
control field 16289269
003 - CONTROL NUMBER IDENTIFIER
control field PILC
005 - DATE AND TIME OF LATEST TRANSACTION
control field 20150601143032.0
008 - FIXED-LENGTH DATA ELEMENTS--GENERAL INFORMATION
fixed length control field 100617s2012 nyua 001 0 eng
010 ## - LIBRARY OF CONGRESS CONTROL NUMBER
LC control number 2010024757
020 ## - INTERNATIONAL STANDARD BOOK NUMBER
International Standard Book Number 9781259073908
020 ## - INTERNATIONAL STANDARD BOOK NUMBER
International Standard Book Number 1259073904
040 ## - CATALOGING SOURCE
Original cataloging agency DLC
Transcribing agency DLC
Modifying agency DLC
050 00 - LIBRARY OF CONGRESS CALL NUMBER
Classification number QA 152.3
Item number .D867 2013
082 00 - DEWEY DECIMAL CLASSIFICATION NUMBER
Classification number 512.9
100 1# - MAIN ENTRY--PERSONAL NAME
Personal name Dugopolski, Mark.
245 10 - TITLE STATEMENT
Title Algebra for college students /
Statement of responsibility, etc Mark Dugopolski.
250 ## - EDITION STATEMENT
Edition statement 6th ed.
260 ## - PUBLICATION, DISTRIBUTION, ETC. (IMPRINT)
Place of publication, distribution, etc New York :
Name of publisher, distributor, etc McGraw-Hill,
Date of publication, distribution, etc 2013.
300 ## - PHYSICAL DESCRIPTION
Extent xxx, 890 pages :
Other physical details illustrations ;
Dimensions 27 cm.
500 ## - GENERAL NOTE
General note Includes appendix and index.
650 #0 - SUBJECT ADDED ENTRY--TOPICAL TERM
Topical term or geographic name as entry element Algebra.
906 ## - LOCAL DATA ELEMENT F, LDF (RLIN)
a 7
b cbc
c orignew
d 1
e ecip
f 20
g y-gencatlg
942 ## - ADDED ENTRY ELEMENTS (KOHA)
Source of classification or shelving scheme Library of Congress Classification
Koha item type Books
Call number prefix Foreign
Holdings
Withdrawn status Lost status Source of classification or shelving scheme Damaged status Home library Current library Shelving location Date acquired Source of acquisition Sub Shelving location Total Checkouts Total Renewals Full call number Barcode Date last seen Date checked out Price effective from Koha item type
    Library of Congress Classification   College Library College Library Reserve Section 06/01/2015 Library Fund   2 24 QA 152.3 .D867 2013 C19480 05/15/2018 07/03/2017 06/01/2015 Books

Algebra for college students /

APA

Dugopolski M., . (2013). Algebra for college students. New York: McGraw-Hill.

Chicago

Dugopolski Mark, . 2013. Algebra for college students. New York: McGraw-Hill.

Harvard

Dugopolski M., . (2013). Algebra for college students. New York: McGraw-Hill.

MLA

Dugopolski Mark, . Algebra for college students. New York: McGraw-Hill. 2013.

  • Place hold
  • Print
  • Cite
  • Add to your cart (remove)
  • Save record
    BIBTEX Dublin Core MARCXML MARC (non-Unicode/MARC-8) MARC (Unicode/UTF-8) MARC (Unicode/UTF-8, Standard) MODS (XML) RIS
  • More searches
    Search for this title in:
    Other Libraries (WorldCat) Other Databases (Google Scholar) Online Stores (Bookfinder.com) Open Library (openlibrary.org)

Exporting to Dublin Core...

SOUTHVILLE LIBRARY

Southville International School and Colleges Library

1281 Tropical Ave. Cor. Luxembourg St., BF Homes International, Las Pinas City

Tel. No. 8256374 / 252358 Loc. 117/146

Powered by Koha